Fill in the Blank - Statistics

General Stats
  • This quiz has been taken 47 times
  • The average score is 17 of 17
Answer Stats
Hint Answer % Correct
Nev_r Never
100%
An_ And
98%
A_ound Around
98%
D_sert Desert
98%
Giv_ Give
98%
G_nna Gonna
98%
Go_na Gonna
98%
Gonn_ Gonna
98%
L_t Let
98%
_ever Never
98%
N_ver Never
98%
R_n Run
98%
_p Up
98%
Y_u You
98%
_ou You
98%
Yo_ You
98%
Do_n Down
91%
No matching quizzes found
Score Distribution
Percent of People with Each Score
Percentile by Number Answered
Your Score History
You have not taken this quiz